000 00599nam a2200181 i 4500
001 81606
003 ES-MaACL
005 20251015063106.0
007 t|
008 041105s1926 fr ||||1| fre d
100 1 _aHutinel, Victor Henri,
_d1849-1933
_964844
245 1 3 _aLe terrain hérédo-syphilitique
_b: aperçu de pathologie générale et de clinique infantiles /
_cV. Hutinel.
260 _aParis :
_bMasson et Cie,
_c1926 (
_eLaval :
_fBarneoud)
300 _a455 p. ;
_c24 cm.
650 4 _aSífilis congenita.
_9148834
852 _aES-MaACL
_jB-11063
999 _c81606
_d81606